Statistics for Top 15 Countries with Covid-19 Deaths - 22 May

Click here to take the quiz!

General Stats

  • This quiz has been taken 19 times
    (16 since last reset)
  • The average score is 17 of 21

Answer Stats

country% Correct
Brazil
100%
China
100%
Italy
100%
United Kingdom
100%
United States
100%
Canada
93%
France
93%
Mexico
93%
Spain
93%
Sweden
86%
Sweden
86%
Belgium
79%
Germany
79%
Iran
79%
Portugal
79%
Turkey
79%
Netherlands
71%
Ireland
57%
Switzerland
57%
Peru
50%
Ecuador
43%

Score Distribution

Percentile by Number Answered

Percent of People with Each Score

Your Score History

You have not taken this quiz since the last reset